<?xml version="1.0" encoding="UTF-8"?>
<record
    xmlns:xsi="http://www.w3.org/2001/XMLSchema-instance"
    xsi:schemaLocation="http://www.loc.gov/MARC21/slim http://www.loc.gov/standards/marcxml/schema/MARC21slim.xsd"
    xmlns="http://www.loc.gov/MARC21/slim">

  <leader>01131nam a22002417i 4500</leader>
  <datafield tag="999" ind1=" " ind2=" ">
    <subfield code="c">22890</subfield>
    <subfield code="d">22890</subfield>
  </datafield>
  <controlfield tag="003">AR-CdUCM</controlfield>
  <controlfield tag="008">240510b20232023 pe||||| |||| 00| 0 spa d</controlfield>
  <datafield tag="020" ind1=" " ind2=" ">
    <subfield code="a">978-612-00-9007-7</subfield>
  </datafield>
  <datafield tag="040" ind1=" " ind2=" ">
    <subfield code="a">MUNICIPALIDAD PROVINCIAL DEL CUSCO</subfield>
    <subfield code="c">BIBLIOTECA MUNICIPAL DEL CUSCO</subfield>
  </datafield>
  <datafield tag="082" ind1=" " ind2=" ">
    <subfield code="a">301.98561 / H96</subfield>
    <subfield code="b">H96</subfield>
  </datafield>
  <datafield tag="100" ind1=" " ind2=" ">
    <subfield code="a">Hurtado Huam&#xE1;n, F&#xE9;lix</subfield>
  </datafield>
  <datafield tag="245" ind1=" " ind2=" ">
    <subfield code="a">365 d&#xED;as viviendo en la Plaza de Armas del Cusco / </subfield>
  </datafield>
  <datafield tag="260" ind1=" " ind2=" ">
    <subfield code="a">Cusco :</subfield>
    <subfield code="c">2023</subfield>
  </datafield>
  <datafield tag="300" ind1=" " ind2=" ">
    <subfield code="a">306 p&#xE1;ginas. :</subfield>
    <subfield code="c">17 cm.</subfield>
  </datafield>
  <datafield tag="500" ind1=" " ind2=" ">
    <subfield code="z">Bibliograf&#xED;a: p&#xE1;gina 303 - 305</subfield>
  </datafield>
  <datafield tag="505" ind1=" " ind2=" ">
    <subfield code="a">Plaza de Armas del Cusco en la l&#xED;nea del tiempo -- Una vuelta por el per&#xED;metro de la Plaza de Armas del Cusco al 2017 -- Registro de actividades en la Plaza de Armas del Cusco, 2017 -- La Personalidad del cusque&#xF1;o -- Enero a Diciembre 2017</subfield>
  </datafield>
  <datafield tag="650" ind1=" " ind2=" ">
    <subfield code="a">Plaza de Armas del Cusco en la l&#xED;nea del tiempo</subfield>
    <subfield code="9">49808</subfield>
  </datafield>
  <datafield tag="650" ind1=" " ind2=" ">
    <subfield code="a">Una vuelta por el per&#xED;metro de la Plaza de Armas del Cusco al 2017</subfield>
    <subfield code="9">49809</subfield>
  </datafield>
  <datafield tag="650" ind1=" " ind2=" ">
    <subfield code="a">Registro de actividades en la Plaza de Armas del Cusco, 2017</subfield>
    <subfield code="9">49810</subfield>
  </datafield>
  <datafield tag="650" ind1=" " ind2=" ">
    <subfield code="a"> Enero a Diciembre 2017</subfield>
    <subfield code="9">49811</subfield>
  </datafield>
  <datafield tag="942" ind1=" " ind2=" ">
    <subfield code="2">ddc</subfield>
    <subfield code="c">LIBROS</subfield>
  </datafield>
  <datafield tag="945" ind1=" " ind2=" ">
    <subfield code="a">pbj</subfield>
    <subfield code="d">2024-05-10</subfield>
  </datafield>
  <datafield tag="952" ind1=" " ind2=" ">
    <subfield code="0">0</subfield>
    <subfield code="2">ddc</subfield>
    <subfield code="4">0</subfield>
    <subfield code="7">0</subfield>
    <subfield code="a">SH</subfield>
    <subfield code="b">SH</subfield>
    <subfield code="c">CART</subfield>
    <subfield code="d">2024-05-10</subfield>
    <subfield code="e">Donacion</subfield>
    <subfield code="g">10.00</subfield>
    <subfield code="o">301.98561 / H96 </subfield>
    <subfield code="p">SH0000016725</subfield>
    <subfield code="r">2024-05-10</subfield>
    <subfield code="y">LIBROS</subfield>
  </datafield>
  <datafield tag="952" ind1=" " ind2=" ">
    <subfield code="0">0</subfield>
    <subfield code="2">ddc</subfield>
    <subfield code="4">0</subfield>
    <subfield code="7">0</subfield>
    <subfield code="a">SH</subfield>
    <subfield code="b">SH</subfield>
    <subfield code="c">CART</subfield>
    <subfield code="d">2024-05-10</subfield>
    <subfield code="e">Donacion</subfield>
    <subfield code="g">10.00</subfield>
    <subfield code="o">301.98561 / H96 / e.2</subfield>
    <subfield code="p">SH0000016726</subfield>
    <subfield code="r">2024-05-10</subfield>
    <subfield code="y">LIBROS</subfield>
  </datafield>
</record>
